[Event "DVM U20 2019"]
[Site "Braunschweig GER"]
[Date "2019.12.30"]
[Round "7"]
[White "Keller, Yannik"]
[Black "Geltz, Noah"]
[Result "1/2-1/2"]
[Termination "normal"]
[Board "7.2"]
[WhiteElo "2020"]
[BlackElo "2054"]
[WhiteClock "00:14:08"]
[BlackClock "00:15:51"]
[WhiteTeam "Sges Bensheim 1931"]
[BlackTeam "SF HN-Biberach 1978 e.V."]
[PlyCount "124"]
[WhiteFideId "12970204"]
[BlackFideId "16224256"]
[EventCountry "GER"]
[EventRounds "7"]
[EventType "team-swiss"]
[EventDate "2019.12.26"]

1. e4 {[%clk 1:30:57]} Nf6 {[%clk 1:30:52]} 2. e5 {[%clk 1:31:23]} Nd5 {[%clk
1:31:13]} 3. d4 {[%clk 1:31:51]} d6 {[%clk 1:31:26]} 4. c4 {[%clk 1:32:13]} Nb6
{[%clk 1:31:48]} 5. f4 {[%clk 1:32:38]} dxe5 {[%clk 1:31:24]} 6. fxe5 {[%clk
1:29:07]} Nc6 {[%clk 1:31:22]} 7. Be3 {[%clk 1:29:28]} Bf5 {[%clk 1:30:48]} 8.
Nc3 {[%clk 1:29:21]} e6 {[%clk 1:30:30]} 9. Nf3 {[%clk 1:29:17]} Bb4 {[%clk
1:28:43]} 10. Be2 {[%clk 1:25:26]} O-O {[%clk 1:25:24]} 11. O-O {[%clk
1:23:32]} f6 {[%clk 1:24:03]} 12. exf6 {[%clk 1:15:43]} Qxf6 {[%clk 1:23:47]}
13. Qb3 {[%clk 1:01:25]} Rad8 {[%clk 1:05:16]} 14. c5 {[%clk 0:45:33]} Nc8
{[%clk 1:03:58]} 15. Rad1 {[%clk 0:35:39]} N8e7 {[%clk 0:46:14]} 16. Bg5 {[%clk
0:25:48]} Qf7 {[%clk 0:46:05]} 17. Bb5 {[%clk 0:20:29]} Bxc3 {[%clk 0:37:21]}
18. bxc3 {[%clk 0:20:36]} Rb8 {[%clk 0:36:14]} 19. Rde1 {[%clk 0:18:31]} Nd5
{[%clk 0:27:01]} 20. Bd2 {[%clk 0:14:11]} a6 {[%clk 0:26:17]} 21. Be2 {[%clk
0:13:20]} Qe7 {[%clk 0:21:27]} 22. Kh1 {[%clk 0:11:55]} Be4 {[%clk 0:19:17]}
23. Ng5 {[%clk 0:11:17]} Rxf1+ {[%clk 0:18:51]} 24. Rxf1 {[%clk 0:09:40]} Bf5
{[%clk 0:17:44]} 25. Bf3 {[%clk 0:08:20]} Qd7 {[%clk 0:15:07]} 26. Qa4 {[%clk
0:04:50]} Rf8 {[%clk 0:10:10]} 27. Re1 {[%clk 0:03:35]} h6 {[%clk 0:09:18]} 28.
Ne4 {[%clk 0:03:41]} Qf7 {[%clk 0:08:09]} 29. Ng3 {[%clk 0:02:43]} Bd3 {[%clk
0:07:10]} 30. Qd1 {[%clk 0:02:53]} Bg6 {[%clk 0:06:34]} 31. Qe2 {[%clk
0:02:31]} Re8 {[%clk 0:02:40]} 32. Kg1 {[%clk 0:02:06]} Re7 {[%clk 0:02:46]}
33. Qc4 {[%clk 0:01:46]} Kh7 {[%clk 0:02:29]} 34. Qe2 {[%clk 0:01:23]} Nf4
{[%clk 0:01:32]} 35. Bxf4 {[%clk 0:01:48]} Qxf4 {[%clk 0:01:58]} 36. Qe3 {[%clk
0:01:44]} Qf6 {[%clk 0:01:57]} 37. Ne4 {[%clk 0:01:48]} Qf5 {[%clk 0:02:06]}
38. Ng3 {[%clk 0:01:19]} Qf6 {[%clk 0:02:14]} 39. Be4 {[%clk 0:01:34]} Bxe4
{[%clk 0:02:30]} 40. Qxe4+ {[%clk 0:01:55]} Qg6 {[%clk 0:02:36]} 41. Kf2 {[%clk
0:26:21]} Qxe4 {[%clk 0:31:23]} 42. Rxe4 {[%clk 0:26:09]} Kg8 {[%clk 0:30:36]}
43. Ke3 {[%clk 0:26:11]} Kf7 {[%clk 0:29:51]} 44. Rf4+ {[%clk 0:25:26]} Ke8
{[%clk 0:29:54]} 45. Rf1 {[%clk 0:24:17]} Kd7 {[%clk 0:27:37]} 46. Ke4 {[%clk
0:24:07]} Nd8 {[%clk 0:27:07]} 47. Nh5 {[%clk 0:23:40]} Ke8 {[%clk 0:24:33]}
48. h4 {[%clk 0:23:36]} Rf7 {[%clk 0:24:28]} 49. Rf4 {[%clk 0:22:51]} Rxf4+
{[%clk 0:24:18]} 50. Nxf4 {[%clk 0:23:08]} Kf7 {[%clk 0:22:25]} 51. Nd3 {[%clk
0:22:20]} Ke7 {[%clk 0:19:12]} 52. Ne5 {[%clk 0:22:27]} b6 {[%clk 0:18:56]} 53.
cxb6 {[%clk 0:22:46]} cxb6 {[%clk 0:19:20]} 54. g4 {[%clk 0:17:50]} Nb7 {[%clk
0:19:18]} 55. c4 {[%clk 0:18:00]} Nd6+ {[%clk 0:17:41]} 56. Kd3 {[%clk
0:18:00]} Nb7 {[%clk 0:17:17]} 57. a4 {[%clk 0:17:42]} Kd6 {[%clk 0:16:52]} 58.
Ke4 {[%clk 0:17:30]} Nd8 {[%clk 0:16:00]} 59. Kf4 {[%clk 0:17:13]} Ke7 {[%clk
0:14:55]} 60. g5 {[%clk 0:16:54]} Nb7 {[%clk 0:15:05]} 61. gxh6 {[%clk
0:14:32]} gxh6 {[%clk 0:15:30]} 62. Ng4 {[%clk 0:14:08]} Nd6 {[%clk 0:15:51]} {
Übertragungsfehler, weitere Züge fehlen } 1/2-1/2

[Event "DVM U20 2019"]
[Site "Braunschweig GER"]
[Date "2019.12.30"]
[Round "7"]
[White "Triantafillidis, Simeon"]
[Black "Hennemann, Florian"]
[Result "1/2-1/2"]
[Termination "normal"]
[Board "7.3"]
[WhiteElo "1931"]
[BlackElo "1865"]
[WhiteClock "00:26:40"]
[BlackClock "00:39:04"]
[WhiteTeam "SF HN-Biberach 1978 e.V."]
[BlackTeam "Sges Bensheim 1931"]
[PlyCount "90"]
[WhiteFideId "12953113"]
[BlackFideId "16272692"]
[EventCountry "GER"]
[EventRounds "7"]
[EventType "team-swiss"]
[EventDate "2019.12.26"]

1. e4 {[%clk 1:30:57]} c5 {[%clk 1:30:57]} 2. Nf3 {[%clk 1:31:22]} d6 {[%clk
1:31:24]} 3. d4 {[%clk 1:31:47]} cxd4 {[%clk 1:31:52]} 4. Nxd4 {[%clk 1:32:10]}
Nf6 {[%clk 1:32:19]} 5. Nc3 {[%clk 1:32:31]} a6 {[%clk 1:32:46]} 6. Bg5 {[%clk
1:32:53]} e6 {[%clk 1:33:11]} 7. f4 {[%clk 1:33:06]} Be7 {[%clk 1:33:36]} 8.
Qf3 {[%clk 1:33:18]} Nc6 {[%clk 1:29:32]} 9. O-O-O {[%clk 1:32:53]} Qb6 {[%clk
1:28:59]} 10. Nxc6 {[%clk 1:32:02]} Qxc6 {[%clk 1:23:36]} 11. Qg3 {[%clk
1:30:10]} h6 {[%clk 1:11:38]} 12. Bxf6 {[%clk 1:25:27]} Bxf6 {[%clk 1:12:01]}
13. e5 {[%clk 1:25:04]} dxe5 {[%clk 1:12:25]} 14. fxe5 {[%clk 1:25:24]} Bg5+
{[%clk 1:12:28]} 15. Kb1 {[%clk 1:25:49]} O-O {[%clk 1:12:15]} 16. Be2 {[%clk
1:23:08]} Bd7 {[%clk 1:10:22]} 17. Bf3 {[%clk 1:18:41]} Qc7 {[%clk 1:10:47]}
18. Ne4 {[%clk 1:19:05]} Be7 {[%clk 1:10:13]} 19. Rxd7 {[%clk 0:53:45]} Qxd7
{[%clk 1:08:43]} 20. Nf6+ {[%clk 0:54:06]} Bxf6 {[%clk 1:09:05]} 21. exf6
{[%clk 0:54:35]} g6 {[%clk 1:01:43]} 22. Rd1 {[%clk 0:51:17]} Qb5 {[%clk
1:01:14]} 23. h4 {[%clk 0:48:50]} Qf5 {[%clk 0:52:21]} 24. Bxb7 {[%clk
0:46:19]} Rab8 {[%clk 0:51:10]} 25. Bxa6 {[%clk 0:42:07]} Qxf6 {[%clk 0:51:36]}
26. c3 {[%clk 0:41:00]} Rb6 {[%clk 0:49:01]} 27. Bc4 {[%clk 0:39:36]} Rfb8
{[%clk 0:44:27]} 28. Bb3 {[%clk 0:38:36]} Qf5+ {[%clk 0:44:36]} 29. Qd3 {[%clk
0:36:13]} Qg4 {[%clk 0:45:00]} 30. g3 {[%clk 0:35:13]} Rb5 {[%clk 0:38:27]} 31.
Rf1 {[%clk 0:30:15]} R8b7 {[%clk 0:34:56]} 32. Rf4 {[%clk 0:21:51]} Qh3 {[%clk
0:34:12]} 33. Qf3 {[%clk 0:16:00]} Re7 {[%clk 0:30:00]} 34. Bc2 {[%clk
0:08:22]} f5 {[%clk 0:24:39]} 35. Bb3 {[%clk 0:03:24]} Rb8 {[%clk 0:22:09]} 36.
Rd4 {[%clk 0:03:24]} Kg7 {[%clk 0:21:47]} 37. Qd3 {[%clk 0:02:39]} Qh1+ {[%clk
0:20:24]} 38. Kc2 {[%clk 0:02:34]} Qg2+ {[%clk 0:18:10]} 39. Kb1 {[%clk
0:02:15]} Qb7 {[%clk 0:17:58]} 40. Rd6 {[%clk 0:01:04]} Rbe8 {[%clk 0:16:16]}
41. Ba4 {[%clk 0:30:21]} Rf8 {[%clk 0:45:43]} 42. Bb3 {[%clk 0:28:17]} e5
{[%clk 0:45:04]} 43. Rd8 {[%clk 0:28:13]} Qh1+ {[%clk 0:38:44]} 44. Kc2 {[%clk
0:27:59]} Qg2+ {[%clk 0:38:57]} 45. Kb1 {[%clk 0:26:40]} Qh1+ {[%clk 0:39:04]}
1/2-1/2

[Event "DVM U20 2019"]
[Site "Braunschweig GER"]
[Date "2019.12.30"]
[Round "7"]
[White "Fischer, Patrick"]
[Black "Simrock, Manuel"]
[Result "1-0"]
[Termination "normal"]
[Board "7.5"]
[WhiteElo "1604"]
[BlackElo "1211"]
[WhiteClock "00:32:10"]
[BlackClock "00:37:13"]
[WhiteTeam "SF HN-Biberach 1978 e.V."]
[BlackTeam "Sges Bensheim 1931"]
[PlyCount "59"]
[WhiteFideId "12953075"]
[BlackFideId "16274814"]
[EventCountry "GER"]
[EventRounds "7"]
[EventType "team-swiss"]
[EventDate "2019.12.26"]

1. e4 {[%clk 1:30:59]} e5 {[%clk 1:30:44]} 2. Nf3 {[%clk 1:31:24]} Nc6 {[%clk
1:31:10]} 3. Nc3 {[%clk 1:31:49]} Nf6 {[%clk 1:31:26]} 4. d4 {[%clk 1:32:11]}
exd4 {[%clk 1:31:40]} 5. Nxd4 {[%clk 1:32:33]} Bb4 {[%clk 1:31:13]} 6. Nxc6
{[%clk 1:32:52]} bxc6 {[%clk 1:31:23]} 7. Bd3 {[%clk 1:33:02]} O-O {[%clk
1:29:21]} 8. O-O {[%clk 1:33:25]} h6 {[%clk 1:27:56]} 9. Qf3 {[%clk 1:33:07]}
Re8 {[%clk 1:24:22]} 10. h3 {[%clk 1:28:32]} d5 {[%clk 1:17:07]} 11. exd5
{[%clk 1:24:27]} cxd5 {[%clk 1:16:37]} 12. Bf4 {[%clk 1:18:44]} Bb7 {[%clk
1:12:48]} 13. Nb5 {[%clk 1:10:33]} Ba5 {[%clk 1:13:04]} 14. c3 {[%clk 1:02:28]}
a6 {[%clk 1:07:27]} 15. Nd4 {[%clk 0:59:34]} Ne4 {[%clk 1:05:16]} 16. Bxe4
{[%clk 0:49:42]} dxe4 {[%clk 1:01:17]} 17. Qg3 {[%clk 0:49:48]} Kh7 {[%clk
0:58:31]} 18. Be5 {[%clk 0:41:32]} f6 {[%clk 0:51:41]} 19. Bf4 {[%clk 0:39:10]}
Bb6 {[%clk 0:51:17]} 20. Rad1 {[%clk 0:38:37]} Qd7 {[%clk 0:48:49]} 21. Rd2
{[%clk 0:37:34]} Qf7 {[%clk 0:45:13]} 22. Rfd1 {[%clk 0:35:43]} g5 {[%clk
0:44:34]} 23. Be3 {[%clk 0:34:04]} f5 {[%clk 0:44:45]} 24. Nxf5 {[%clk
0:33:54]} Qxf5 {[%clk 0:44:20]} 25. Bxb6 {[%clk 0:34:17]} cxb6 {[%clk 0:44:04]}
26. Rd7+ {[%clk 0:34:35]} Kh8 {[%clk 0:44:07]} 27. Rxb7 {[%clk 0:34:36]} Qf6
{[%clk 0:40:28]} 28. Qc7 {[%clk 0:32:26]} Kg8 {[%clk 0:40:28]} 29. Rd6 {[%clk
0:31:59]} Re6 {[%clk 0:37:13]} 30. Rxe6 {[%clk 0:32:10]} 1-0

[Event "DVM U20 2019"]
[Site "Braunschweig GER"]
[Date "2019.12.30"]
[Round "7"]
[White "Meister, Konstantin"]
[Black "Gerold, Robin"]
[Result "0-1"]
[Termination "normal"]
[Board "7.6"]
[WhiteElo "1256"]
[BlackElo "1448"]
[WhiteClock "00:34:29"]
[BlackClock "00:52:15"]
[WhiteTeam "Sges Bensheim 1931"]
[BlackTeam "SF HN-Biberach 1978 e.V."]
[PlyCount "86"]
[WhiteFideId "16298586"]
[BlackFideId "16235185"]
[EventCountry "GER"]
[EventRounds "7"]
[EventType "team-swiss"]
[EventDate "2019.12.26"]

1. e4 {[%clk 1:30:59]} c5 {[%clk 1:30:50]} 2. Nf3 {[%clk 1:31:25]} b6 {[%clk
1:31:09]} 3. Bc4 {[%clk 1:30:04]} Bb7 {[%clk 1:31:29]} 4. Nc3 {[%clk 1:28:33]}
e6 {[%clk 1:31:30]} 5. d3 {[%clk 1:28:02]} Be7 {[%clk 1:29:25]} 6. O-O {[%clk
1:25:31]} Nf6 {[%clk 1:28:39]} 7. Bf4 {[%clk 1:24:11]} d5 {[%clk 1:26:18]} 8.
exd5 {[%clk 1:23:34]} Nxd5 {[%clk 1:26:36]} 9. Bxb8 {[%clk 1:19:33]} Rxb8
{[%clk 1:25:18]} 10. Nxd5 {[%clk 1:19:52]} Bxd5 {[%clk 1:25:39]} 11. Bb5+
{[%clk 1:20:06]} Kf8 {[%clk 1:24:45]} 12. Ne5 {[%clk 1:18:16]} Qc7 {[%clk
1:23:09]} 13. Nd7+ {[%clk 1:16:49]} Kg8 {[%clk 1:23:28]} 14. Nxb8 {[%clk
1:15:58]} Qxb8 {[%clk 1:23:53]} 15. Qg4 {[%clk 1:14:15]} h5 {[%clk 1:22:57]}
16. Qh3 {[%clk 1:13:30]} Rh6 {[%clk 1:15:12]} 17. c4 {[%clk 1:11:49]} Bb7
{[%clk 1:15:27]} 18. Rfe1 {[%clk 1:10:52]} Rg6 {[%clk 1:15:26]} 19. g3 {[%clk
1:10:25]} Qa8 {[%clk 1:14:33]} 20. Re5 {[%clk 1:06:19]} h4 {[%clk 1:13:56]} 21.
Kf1 {[%clk 1:05:49]} Rh6 {[%clk 1:12:15]} 22. Ke2 {[%clk 0:53:07]} Bg2 {[%clk
1:10:43]} 23. Qg4 {[%clk 0:52:42]} f5 {[%clk 1:09:48]} 24. Qf4 {[%clk 0:51:00]}
Bd6 {[%clk 1:09:32]} 25. Kd2 {[%clk 0:46:19]} hxg3 {[%clk 1:03:42]} 26. Qxg3
{[%clk 0:45:16]} Bxe5 {[%clk 1:02:41]} 27. Qxe5 {[%clk 0:45:08]} Qf3 {[%clk
1:01:02]} 28. Qe3 {[%clk 0:44:40]} Qxe3+ {[%clk 1:00:21]} 29. Kxe3 {[%clk
0:44:47]} Rxh2 {[%clk 0:59:58]} 30. Bd7 {[%clk 0:44:35]} Kf7 {[%clk 1:00:05]}
31. Kf4 {[%clk 0:44:20]} Bb7 {[%clk 0:59:56]} 32. Rf1 {[%clk 0:43:07]} Kf6
{[%clk 0:57:29]} 33. Kg3 {[%clk 0:40:53]} Rg2+ {[%clk 0:56:30]} 34. Kh3 {[%clk
0:40:09]} g5 {[%clk 0:55:49]} 35. f3 {[%clk 0:39:41]} Rxb2 {[%clk 0:52:11]} 36.
a4 {[%clk 0:39:56]} Ke7 {[%clk 0:52:17]} 37. Bb5 {[%clk 0:36:14]} a6 {[%clk
0:52:25]} 38. Bxa6 {[%clk 0:36:20]} Bxa6 {[%clk 0:52:50]} 39. Rg1 {[%clk
0:36:40]} Kf6 {[%clk 0:52:43]} 40. Ra1 {[%clk 0:36:16]} Bb7 {[%clk 0:52:45]}
41. Kg3 {[%clk 0:35:36]} f4+ {[%clk 0:52:44]} 42. Kh3 {[%clk 0:35:15]} Bxf3
{[%clk 0:52:52]} 43. Rg1 {[%clk 0:34:29]} Kf5 {[%clk 0:52:15]} 0-1

[Event "DVM U20 2019"]
[Site "Braunschweig GER"]
[Date "2019.12.30"]
[Round "7"]
[White "Yankelevich, Michael"]
[Black "Melde, Benjamin"]
[Result "1/2-1/2"]
[Termination "normal"]
[Board "8.1"]
[WhiteElo "2064"]
[BlackElo "2120"]
[WhiteClock "00:58:14"]
[BlackClock "00:04:42"]
[WhiteTeam "SG Trier"]
[BlackTeam "Schachklub Turm Kleve 1974 e. V."]
[PlyCount "73"]
[WhiteFideId "12921440"]
[BlackFideId "12958816"]
[EventCountry "GER"]
[EventRounds "7"]
[EventType "team-swiss"]
[EventDate "2019.12.26"]

1. e4 {[%clk 1:30:57]} c5 {[%clk 1:30:54]} 2. Nc3 {[%clk 1:31:20]} a6 {[%clk
1:31:19]} 3. g3 {[%clk 1:31:39]} b5 {[%clk 1:31:44]} 4. Bg2 {[%clk 1:32:07]}
Bb7 {[%clk 1:32:07]} 5. d3 {[%clk 1:32:35]} e6 {[%clk 1:32:29]} 6. f4 {[%clk
1:32:06]} d5 {[%clk 1:32:53]} 7. exd5 {[%clk 1:32:30]} Nf6 {[%clk 1:33:18]} 8.
Nf3 {[%clk 1:32:50]} exd5 {[%clk 1:33:42]} 9. O-O {[%clk 1:33:13]} Be7 {[%clk
1:33:59]} 10. h3 {[%clk 1:31:42]} O-O {[%clk 1:25:11]} 11. Ne2 {[%clk 1:29:51]}
d4 {[%clk 1:17:58]} 12. g4 {[%clk 1:28:24]} Nc6 {[%clk 1:13:54]} 13. Ng3 {[%clk
1:27:35]} Re8 {[%clk 1:14:17]} 14. Ng5 {[%clk 1:25:22]} Qd7 {[%clk 0:48:47]}
15. N5e4 {[%clk 1:22:04]} Nb4 {[%clk 0:29:22]} 16. Nxf6+ {[%clk 1:17:50]} Bxf6
{[%clk 0:29:50]} 17. Ne4 {[%clk 1:18:06]} Bxe4 {[%clk 0:26:51]} 18. Bxe4 {[%clk
1:18:26]} Rad8 {[%clk 0:27:19]} 19. g5 {[%clk 1:17:27]} Be7 {[%clk 0:27:44]}
20. f5 {[%clk 1:17:50]} g6 {[%clk 0:27:17]} 21. a3 {[%clk 1:15:57]} Nc6 {[%clk
0:23:50]} 22. h4 {[%clk 1:14:04]} Bd6 {[%clk 0:14:57]} 23. h5 {[%clk 1:12:47]}
Rxe4 {[%clk 0:14:21]} 24. dxe4 {[%clk 1:09:54]} Qe7 {[%clk 0:12:56]} 25. hxg6
{[%clk 1:09:23]} hxg6 {[%clk 0:13:25]} 26. Qg4 {[%clk 1:08:40]} Ne5 {[%clk
0:11:39]} 27. Qh3 {[%clk 1:07:47]} Nc4 {[%clk 0:09:13]} 28. b3 {[%clk 1:06:52]}
Ne3 {[%clk 0:08:17]} 29. Bxe3 {[%clk 1:07:08]} dxe3 {[%clk 0:08:46]} 30. Qxe3
{[%clk 1:07:20]} Be5 {[%clk 0:07:37]} 31. Rad1 {[%clk 1:02:21]} Bd4 {[%clk
0:07:44]} 32. Rxd4 {[%clk 1:02:41]} Rxd4 {[%clk 0:08:13]} 33. fxg6 {[%clk
1:01:25]} fxg6 {[%clk 0:07:16]} 34. Rf6 {[%clk 0:58:57]} Rxe4 {[%clk 0:03:43]}
35. Rxg6+ {[%clk 0:58:59]} Kf7 {[%clk 0:04:13]} 36. Rf6+ {[%clk 0:59:22]} Kg7
{[%clk 0:04:42]} 37. Qg3 {[%clk 0:58:14]} 1/2-1/2

[Event "DVM U20 2019"]
[Site "Braunschweig GER"]
[Date "2019.12.30"]
[Round "7"]
[White "Wiegersma, Justus"]
[Black "Rauch, Sören"]
[Result "1-0"]
[Termination "normal"]
[Board "8.2"]
[WhiteElo "1975"]
[BlackElo "1901"]
[WhiteClock "00:07:17"]
[BlackClock "00:02:09"]
[WhiteTeam "Schachklub Turm Kleve 1974 e. V."]
[BlackTeam "SG Trier"]
[PlyCount "73"]
[WhiteFideId "16207866"]
[BlackFideId "12973289"]
[EventCountry "GER"]
[EventRounds "7"]
[EventType "team-swiss"]
[EventDate "2019.12.26"]

1. e4 {[%clk 1:30:45]} e6 {[%clk 1:30:57]} 2. d4 {[%clk 1:31:08]} d5 {[%clk
1:31:24]} 3. Nc3 {[%clk 1:31:31]} Nf6 {[%clk 1:31:08]} 4. e5 {[%clk 1:31:58]}
Nfd7 {[%clk 1:31:31]} 5. f4 {[%clk 1:32:22]} c5 {[%clk 1:31:38]} 6. Nf3 {[%clk
1:32:47]} Nc6 {[%clk 1:31:09]} 7. Be3 {[%clk 1:33:14]} a6 {[%clk 1:26:01]} 8.
Qd2 {[%clk 1:32:28]} b5 {[%clk 1:22:51]} 9. Be2 {[%clk 1:32:34]} Qb6 {[%clk
1:18:54]} 10. Nd1 {[%clk 1:24:04]} cxd4 {[%clk 1:14:05]} 11. Nxd4 {[%clk
1:22:48]} Nxd4 {[%clk 1:07:02]} 12. Bxd4 {[%clk 1:21:41]} Bc5 {[%clk 1:07:10]}
13. c3 {[%clk 1:21:51]} Nb8 {[%clk 0:59:26]} 14. Bxc5 {[%clk 1:17:40]} Qxc5
{[%clk 0:59:00]} 15. b4 {[%clk 1:15:14]} Qc7 {[%clk 0:56:52]} 16. Ne3 {[%clk
1:08:37]} Bd7 {[%clk 0:55:46]} 17. O-O {[%clk 1:08:22]} O-O {[%clk 0:55:14]}
18. Rf3 {[%clk 1:00:34]} Rc8 {[%clk 0:53:48]} 19. Ng4 {[%clk 1:00:47]} Bc6
{[%clk 0:43:33]} 20. Rh3 {[%clk 0:59:32]} Nd7 {[%clk 0:41:58]} 21. Bd3 {[%clk
0:59:04]} Nf8 {[%clk 0:39:42]} 22. f5 {[%clk 0:54:10]} exf5 {[%clk 0:38:30]}
23. Bxf5 {[%clk 0:53:59]} Bd7 {[%clk 0:36:01]} 24. Bxd7 {[%clk 0:48:39]} Qxd7
{[%clk 0:35:33]} 25. Qg5 {[%clk 0:48:42]} Qe6 {[%clk 0:31:44]} 26. Rf1 {[%clk
0:35:15]} Qg6 {[%clk 0:30:05]} 27. Qh4 {[%clk 0:26:05]} Ra7 {[%clk 0:12:40]}
28. Rg3 {[%clk 0:19:26]} Qb6+ {[%clk 0:09:12]} 29. Kh1 {[%clk 0:19:35]} Ng6
{[%clk 0:08:59]} 30. Qg5 {[%clk 0:19:30]} Qd8 {[%clk 0:07:28]} 31. Qh5 {[%clk
0:10:12]} d4 {[%clk 0:04:13]} 32. Rh3 {[%clk 0:08:55]} h6 {[%clk 0:02:43]} 33.
e6 {[%clk 0:06:53]} dxc3 {[%clk 0:02:18]} 34. exf7+ {[%clk 0:07:11]} Rxf7
{[%clk 0:02:42]} 35. Nxh6+ {[%clk 0:07:25]} gxh6 {[%clk 0:02:06]} 36. Qxg6+
{[%clk 0:07:51]} Rg7 {[%clk 0:02:09]} 37. Qe6+ {[%clk 0:07:17]} 1-0

[Event "DVM U20 2019"]
[Site "Braunschweig GER"]
[Date "2019.12.30"]
[Round "7"]
[White "Hoenselaar, Dennis"]
[Black "Roos, Elias"]
[Result "1/2-1/2"]
[Termination "normal"]
[Board "8.4"]
[WhiteElo "1769"]
[BlackElo "1812"]
[WhiteClock "00:49:50"]
[BlackClock "00:35:53"]
[WhiteTeam "Schachklub Turm Kleve 1974 e. V."]
[BlackTeam "SG Trier"]
[PlyCount "41"]
[WhiteFideId "1060791"]
[BlackFideId "12953415"]
[EventCountry "GER"]
[EventRounds "7"]
[EventType "team-swiss"]
[EventDate "2019.12.26"]

1. c4 {[%clk 1:30:58]} c5 2. g3 {[%clk 1:31:20]} Nc6 {[%clk 1:31:23]} 3. Bg2
{[%clk 1:31:44]} g6 {[%clk 1:31:44]} 4. Nc3 {[%clk 1:32:00]} Bg7 {[%clk
1:32:08]} 5. d3 {[%clk 1:32:16]} e5 {[%clk 1:32:12]} 6. e4 {[%clk 1:32:18]}
Nge7 {[%clk 1:32:36]} 7. Nge2 {[%clk 1:32:39]} O-O {[%clk 1:32:53]} 8. O-O
{[%clk 1:33:03]} d6 {[%clk 1:33:20]} 9. f4 {[%clk 1:32:47]} f5 {[%clk 1:33:07]}
10. Be3 {[%clk 1:32:33]} Rb8 {[%clk 1:31:35]} 11. Rb1 {[%clk 1:28:32]} a6
{[%clk 1:22:25]} 12. a3 {[%clk 1:28:56]} b5 {[%clk 1:17:46]} 13. cxb5 {[%clk
1:28:50]} axb5 {[%clk 1:18:07]} 14. b4 {[%clk 1:28:37]} Nd4 {[%clk 1:12:52]}
15. Qd2 {[%clk 1:17:47]} Be6 {[%clk 1:03:32]} 16. bxc5 {[%clk 1:16:14]} dxc5
{[%clk 1:00:47]} 17. Bxd4 {[%clk 1:16:05]} cxd4 {[%clk 1:01:12]} 18. Nxb5
{[%clk 1:15:56]} fxe4 {[%clk 0:57:54]} 19. Bxe4 {[%clk 1:13:27]} Nf5 {[%clk
0:47:59]} 20. a4 {[%clk 1:04:52]} Bd5 {[%clk 0:35:53]} 21. fxe5 {[%clk
0:49:50]} 1/2-1/2

[Event "DVM U20 2019"]
[Site "Braunschweig GER"]
[Date "2019.12.30"]
[Round "7"]
[White "Kirschweng, Luca"]
[Black "Habersetzer, Elyse"]
[Result "1-0"]
[Termination "normal"]
[Board "8.5"]
[WhiteElo "1718"]
[BlackElo "1650"]
[WhiteClock "00:41:44"]
[BlackClock "00:00:31"]
[WhiteTeam "SG Trier"]
[BlackTeam "Schachklub Turm Kleve 1974 e. V."]
[PlyCount "79"]
[WhiteFideId "16262514"]
[BlackFideId "16222288"]
[EventCountry "GER"]
[EventRounds "7"]
[EventType "team-swiss"]
[EventDate "2019.12.26"]

1. e4 {[%clk 1:30:58]} e6 {[%clk 1:30:55]} 2. d4 {[%clk 1:31:25]} d5 {[%clk
1:31:20]} 3. e5 {[%clk 1:31:53]} c5 {[%clk 1:31:45]} 4. Nf3 {[%clk 1:32:15]}
Nc6 {[%clk 1:32:01]} 5. Bd3 {[%clk 1:32:39]} Bd7 {[%clk 1:32:05]} 6. a3 {[%clk
1:32:34]} cxd4 {[%clk 1:28:26]} 7. Bf4 {[%clk 1:32:33]} Qb6 {[%clk 1:23:18]} 8.
b4 {[%clk 1:32:54]} a6 {[%clk 1:23:30]} 9. Nbd2 {[%clk 1:32:52]} Rc8 {[%clk
1:20:17]} 10. Nb3 {[%clk 1:32:00]} Qc7 {[%clk 1:10:00]} 11. O-O {[%clk
1:28:34]} Nge7 {[%clk 0:57:56]} 12. Re1 {[%clk 1:27:43]} Ng6 {[%clk 0:52:13]}
13. Bg3 {[%clk 1:27:55]} Be7 {[%clk 0:49:27]} 14. h4 {[%clk 1:23:25]} Qd8
{[%clk 0:36:44]} 15. h5 {[%clk 1:22:54]} Nh4 {[%clk 0:35:19]} 16. Nfxd4 {[%clk
1:19:39]} g6 {[%clk 0:31:01]} 17. Bxh4 {[%clk 1:11:35]} Bxh4 {[%clk 0:31:17]}
18. Qg4 {[%clk 1:10:55]} Qg5 {[%clk 0:28:29]} 19. Qxg5 {[%clk 1:00:14]} Bxg5
{[%clk 0:28:52]} 20. hxg6 {[%clk 0:59:58]} hxg6 {[%clk 0:27:28]} 21. Nf3 {[%clk
0:59:08]} Bh6 {[%clk 0:22:25]} 22. Nc5 {[%clk 0:58:25]} Rc7 {[%clk 0:18:43]}
23. Rab1 {[%clk 0:57:19]} Nb8 {[%clk 0:17:05]} 24. Nd4 {[%clk 0:56:08]} b5
{[%clk 0:15:18]} 25. Nxa6 {[%clk 0:52:51]} Rc8 {[%clk 0:14:32]} 26. Nc5 {[%clk
0:50:14]} Bf8 {[%clk 0:08:22]} 27. Nxd7 {[%clk 0:49:53]} Kxd7 {[%clk 0:08:16]}
28. Bxb5+ {[%clk 0:49:40]} Kc7 {[%clk 0:08:27]} 29. f4 {[%clk 0:48:38]} Kb6
{[%clk 0:08:12]} 30. Rec1 {[%clk 0:48:04]} Rc3 {[%clk 0:07:22]} 31. Rb3 {[%clk
0:47:12]} Rc7 {[%clk 0:07:28]} 32. Bd3 {[%clk 0:47:02]} Na6 {[%clk 0:06:23]}
33. c4 {[%clk 0:44:58]} Be7 {[%clk 0:03:22]} 34. c5+ {[%clk 0:45:15]} Kb7
{[%clk 0:03:16]} 35. Nb5 {[%clk 0:45:06]} Nxc5 {[%clk 0:01:27]} 36. Nd6+ {[%clk
0:42:08]} Ka7 {[%clk 0:00:44]} 37. Rxc5 {[%clk 0:41:55]} Rhc8 {[%clk 0:00:43]}
38. Ra5+ {[%clk 0:41:44]} Kb8 {[%clk 0:00:45]} 39. Nxc8 {[%clk 0:41:36]} Rxc8
{[%clk 0:00:31]} 40. Kf2 {[%clk 0:41:44]} 1-0